| 000 | 00000nam##2200000za#4500 |
| 001 | 9.680354 |
| 003 | CaOODSP |
| 005 | 20220107134006 |
| 007 | ta |
| 008 | 150407|1999||||xxc||||| f|0| 0 fre|d |
| 020 | |a0-662-82695-7 |
| 040 | |aCaOODSP|bfre |
| 043 | |an-cn--- |
| 086 | 1 |aH72-21/157-1998F |
| 110 | 2 |aCentre national d'information sur la violence dans la famille (Canada) |
| 245 | 10|aViolence à l'égard du mari: vue d'ensemble sur la recherche et les perspectives / |cpar Leslie Tutty. |
| 260 | |aOttawa - Ontario : |bSanté Canada. |c1999. |
| 300 | |a32p. : |bréférences ; |c28 cm. |
| 500 | |aSommaire: Introduction.--Définition de «violence à l'égard du mari».--Preuves de violence à l'égard du mari.--Critiques sur les sondages communautaires liés à la violence à l'égard du mari.--Débat sur la violence à l'égard du mari.--Les effets et la nature de la violence à l'égard du mari.--Comparaison avec les femmes battues.--Perceptions de la violence à l'égard du mari par les intervenants canadiens en matière de violence familiale.--De quels recours les hommes battus disposent-ils? Déclaration des services et recherche d'aide.--Où s'adresser pour obtenir de l'aide.--Conséquences sur le plan de l'action.--Conclusion.--Lectures suggérées.--Références. |
| 563 | |aCouverture souple |
| 590 | |a99-34|b1999-08-27 |
| 691 | 07|aViolence familiale|2gcpds |
| 720 | 1 |aTutty, Leslie |
| 775 | 08|tHusband abuse: an overview of research and perspectives / |w(CaOODSP)9.646856 |
| 776 | 0#|tViolence à l'égard du mari : |w(CaOODSP)9.639837 |